Normal view
MARC view
- Muhammad Ahsan.
Entry Personal Name
001 - CONTROL NUMBER
- control field: 19403
003 - CONTROL NUMBER IDENTIFIER
- control field: NUST
005 - DATE AND TIME OF LATEST TRANSACTION
- control field: 20190821095512.0
008 - FIXED-LENGTH DATA ELEMENTS
- fixed length control field: 190821|| aca||aabn | a|a d
040 ## - CATALOGING SOURCE
- Original cataloging agency: NUST
- Transcribing agency: NUST
100 ## - HEADING--PERSONAL NAME
- Personal name: Muhammad Ahsan.
670 ## - SOURCE DATA FOUND
- Source citation: Work cat.: (NUST): Ahsan, Muhammad 18993, Membrane module design & analysis for gas separation /, 2016.
